| 000 | 00961cam a22003137a 4500 | ||
|---|---|---|---|
| 003 | CHAP | ||
| 005 | 20220329135158.0 | ||
| 008 | 971013s1959 r 00010 d | ||
| 010 | _a32222 | ||
| 011 | _a33194 | ||
| 035 | _a37309 | ||
| 040 | _cCHAP | ||
| 082 |
_a913.87 _bC7 |
||
| 100 | 0 | 0 |
_aCruxent, J. M. _929272 |
| 245 | 1 | 3 | _aAn archeological chronology of Venezuela |
| 260 |
_aWashington : _bPan American Union, _c1959 |
||
| 300 |
_av. _b: ilus; láms |
||
| 490 | 0 |
_aSocial science monographs _v; 6 |
|
| 500 | _aLa biblioteca tiene: v.2 | ||
| 590 |
_aBATCH-UPD _b10 _c20130109 _lUCH01 _h2327 |
||
| 590 |
_aBATCH-UPD _b10 _c20130110 _lUCH01 _h0152 |
||
| 590 |
_aCONVERSION _b10 _c20130109 _lUCH01 _h1318 |
||
| 650 | 1 | 4 |
_aAntiguedades _xVenezuela. _96057 |
| 650 | 1 | 4 |
_aArqueología _97342 |
| 830 | 0 |
_aSocial science monographs _v; 6 _9108036 |
|
| 901 | _aBK | ||
| 942 | _cLIBRO | ||
| 949 |
_a913.87 C7 _bBC _cLIBRO _d33724000268199 _eLIBRO _fv.2 _h12106 _i37309 _si |
||
| 999 |
_c32222 _d32222 |
||